00394nam a2200157Ia 4500003000400000008004100004040001600045082001300061100001500074245003500089260004000124300001000164490002500174650001500199650002200214GCL140319s9999 xx 000 0 eng d aGCL / cGCL04a843bJ A1 aJUNG . G G10aL'AME ET LA NIA / cJUNG . G G a[S.N] : bEDITIONS BUCHET ، c1995 a475 P aLE LIVRE DE POCHEv004aLITERATURE04aFRENCH LITERATURE